El Grillo

Na minha lista:
Detalhes bibliográficos
Autor principal: Muñiz, Carlos
Formato: Livro
Idioma:Undetermined
Publicado em: Madrid, España Escelicer 1965
Assuntos:
Tags: Adicionar Tag
Sem tags, seja o primeiro a adicionar uma tag!

MARC

LEADER 00000nam a2200000Ia 4500
008 170316s9999 xx 000 0 und d
040 |a cru BVZT 
090 |a 862 M-59g 
100 |a Muñiz, Carlos 
245 |a El Grillo 
260 |a Madrid, España 
260 |b Escelicer 
260 |c 1965 
300 |a 78 páginas 
650 |a LITERATURA ESPAÑOLA 
942 |c 15 D 
999 |c 10217  |d 10217